000 00522nam a22002177a 4500
003 UA-OsUOA
001 48698
007 ta
008 20070911b un ||||| |||| 00| 0 ukr d
090 _a339
_bВ60
942 _cBK
040 _aUA-OsUOA
_brus
_cUA-OsUOA
_dUA-OsUOA
245 _aВнешнеторговые сделки
300 _a461 с.
955 _a2
041 _arus
080 _a339
260 _aСуми
_bРеал
_c1994
650 7 _a330 Економіка взагалі
_2UDC
999 _c334804
_d334804